000 00309nam a22001337a 4500
008 170615b xxu||||| |||| 00| 0 eng d
020 _a9780719050565
041 _aeng
080 _a32
100 _a19
101 _aSHP
245 _aIDEOLOGY AND POLITICS IN BRITAIN TODAY
_cADAMS.I
942 _2udc
_cBK
999 _c17463
_d17463